Diseño de estructuras de acero con LRFD
Wedi'i Gadw mewn:
| Prif Awdur: | |
|---|---|
| Fformat: | Llyfr |
| Iaith: | Sbaeneg |
| Cyhoeddwyd: |
Ciudad de México
International Thomson
2000
|
| Rhifyn: | 2a. ed |
| Pynciau: | |
| Tagiau: |
Ychwanegu Tag
Dim Tagiau, Byddwch y cyntaf i dagio'r cofnod hwn!
|
MARC
| LEADER | 00000nam a2200000 a 4500 | ||
|---|---|---|---|
| 001 | UCI1987 | ||
| 003 | CL-VaPUC | ||
| 008 | 070727e20000000MX |||||||||||||||||spa|d | ||
| 020 | |a 9706860231 | ||
| 082 | 0 | 4 | |a 624.1821 |b SEG |2 21 |
| 100 | 0 | |a Segui, William T |e author |9 522811 | |
| 245 | 1 | 0 | |a Diseño de estructuras de acero con LRFD |
| 250 | |a 2a. ed | ||
| 300 | |a 619 p | ||
| 942 | |c BK | ||
| 945 | |d 20070727 00:00:00 |a jtorresc | ||
| 260 | |a Ciudad de México |b International Thomson |c 2000 | ||
| 650 | 0 | |a Construcciones metálicas |9 267978 | |
| 650 | 0 | |a Estructuras de acero |9 260344 | |
| 650 | 0 | |a Diseño de estructuras |9 260345 | |
| 650 | 0 | |a Estructuras metálicas |9 265870 | |
| 650 | 7 | |a TENSION |2 CL-VaPUC |9 362336 | |
| 583 | |a last modification |c 20070727 00:00:00 |k Rodrigo Vera | ||
| 999 | |c 326653 |d 326651 | ||
| 952 | |0 0 |1 0 |4 0 |6 624_182100000000000_SEG_2000 |7 0 |8 A |9 408693 |a BIBING |b BIBING |d 2019-11-22 |i 4359690 |o 624.1821 SEG 2000 |p 4359690 |r 2025-01-20 |w 2019-11-22 |y BK |k CIC | ||